Arábia Saudita - Statistics

Estatísticas Gerais
  • Esse quiz foi jogado 12 vezes
  • A pontuação média é 10 de 15
Estatísticas das Respostas
Hint Resposta % Correto
Com quantos países faz fronteira? 7
100%
Qual é o livro sagrado da religião do país? Alcorão
100%
Qual é o seu idioma? Árabe
100%
Em que continente fica? Ásia
100%
Qual é a sua capital? Riade
100%
Qual é a sua religião? Islamismo
90%
Em que cidade nasceu o profeta Maomé? Meca
90%
Quantas vezes por dia têm de rezar os seus habitantes? 5
80%
De onde é que o país obtém as suas maiores receitas? Petróleo
70%
Como se chamava o líder desse grupo? Osama bin Laden
60%
Qual é o dia da semana que considerado sagrado? Sexta-feira
60%
Como o grupo terrorista mais conhecido do país? Al-Qaeda
40%
Que tipo de carne é proibido consumir? Suína
40%
Como se chama a sua moeda? Riyal
10%
Como se chama o rei do país? Salman da Arábia Saudita
0%
Nenhum quiz correspondente encontrado
Distribuição das Pontuações
Porcentagem de Pessoas com Cada Pontuação
Percentil de Números Respondidos
Sua Pontuação Histórica
Você não jogou esse quiz